The boys' Parkman : selections from the historical works of Francis Parkman /

Bibliographic Details
Main Author: Parkman, Francis, 1823-1893
Other Authors: Zimm, Louise Hasbrouck, 1883-
Format: Book
Language:English
Published: Boston : Little, Brown, 1912.
Subjects:

MARC

Tag First Indicator Second Indicator Subfields
LEADER 00000cam a2200000 a 4500
001 in00001472221
005 20151021052912.0
008 871113s1912 maua j 000 0 eng d
035 |a (OCoLC)16974145 
035 |9 AJE5853AM 
040 |a UIU  |c UIU  |d TXA  |d UtOrBLW 
043 |a n-us---  |a n-cn--- 
049 |a TXAM 
090 |a F1030  |b .P245 1912 
092 0 |a 973.2  |b P231b  |2 19 
100 1 |a Parkman, Francis,  |d 1823-1893. 
240 1 0 |a Works.  |k Selections 
245 1 4 |a The boys' Parkman :  |b selections from the historical works of Francis Parkman /  |c compiled by Louise S. Hasbrouck. 
264 1 |a Boston :  |b Little, Brown,  |c 1912. 
300 |a 187 pages :  |b illustrations ;  |c 20 cm. 
336 |a text  |b txt  |2 rdacontent 
337 |a unmediated  |b n  |2 rdamedia 
338 |a volume  |b nc  |2 rdacarrier 
536 |a The L.A. Maddox '42 Texas and Ranch History Collection, 1998. 
651 0 |a United States  |x History  |y Colonial period, ca. 1600-1775. 
651 0 |a Canada  |x History. 
650 0 |a Indians of North America  |z West (U.S.) 
700 1 |a Zimm, Louise Hasbrouck,  |d 1883- 
948 |a c:jlg 
999 |a MARS 
999 f f |s 22f70742-3cda-3f00-ab3d-9fefd57e22d6  |i 75134fb7-6eab-334a-aed1-40ffeff3ad6a  |t 0 
952 f f |p ric  |a Texas A&M University  |b Rellis Campus  |c Joint Library Facility  |d Remote Storage  |t 0  |e F1030 .P245 1912  |h Library of Congress classification  |i unmediated -- volume  |m A14823987430 
998 f f |a F1030 .P245 1912  |t 0  |l Remote Storage